استنساخ الإنسان : (Record no. 25873)
[ view plain ]
| 000 -الفاتح | |
|---|---|
| حقل البيانات ثابتة الطول | 01177nam a22002895a 4500 |
| 003 - محدد رقم الضبط | |
| رقم الضبط | OSt |
| 005 - وقت وتاريخ اخر تعامل مع التسجيلة | |
| رقم الضبط | 20180117134310.0 |
| 008 - عناصر البيانات ثابتة الطول - معلومات عامة | |
| حقل البيانات ثابتة الطول | 180106s2003 ua grb 000 0 ara d |
| 017 ## - رقم الإيداع القانونى | |
| رقم الإيداع القانونى | 2003 / 11455 |
| 020 ## - الرقم الدولى المعيارى للكتب | |
| الرقم الدولى المعيارى للكتاب | 9770185981 |
| 040 ## - مصدر الفهرسة | |
| وكالة الفهرسة الأصلية | EG-ScBUE |
| لغة الفهرسة | ara |
| وكالة النسخ | EG-ScBUE |
| 041 1# - رمز اللغة | |
| رمز لغة النص/ المسارات الصوتية أو العنوان الانفرادي | ara |
| رمز لغة الترجمات و/او الاصلية المتوسطة للنص | und |
| 082 04 - رقم تصنيف ديوى العشرى | |
| رقم التصنيف | 660.65 |
| رقم المادة | ا س ت |
| رقم الطبعة | 22 |
| 245 00 - بيان العنوان | |
| العنوان | استنساخ الإنسان : |
| بقية العنوان | الحقائق والأوهام / |
| بيان المسئوليه,etc | المحرران مارتا سي. نسبوم، كاس. ر. سانشتين ؛ ترجمة مصطفى إبراهيم فهمي. |
| 260 ## - PUBLICATION, DISTRIBUTION, ETC. (IMPRINT) | |
| مكان الناشر او الموزع | القاهرة : |
| اسم الناشر او الموزع | دار العين للنشر، |
| تاريخ النشر أو التوزيع | 2003. |
| 300 ## - الوصف المادى | |
| التعداد | 371 ص. ؛ |
| أبعاد الوعاء | 24 سم. |
| 490 0# - بيان السلسلة | |
| عنوان السلسلة | مكتبة الأسرة. |
| -- | مهرجان القراءة للجميع. |
| -- | الأعمال العلمية |
| 504 ## - تبصرة ببليوجرافية | |
| تبصرة ببليوجرافية,الخ | يشتمل على إرجاعات ببليوجرافية. |
| 650 #7 - المدخل الاضافى بالموضوع-مصطلح موضوعى | |
| مصطلح موضوعي أو اسم جغرافي كعنصر مدخل | لاستنساخ. |
| مصدر الرأس أو المصطلح | BUEsh |
| 650 ## - المدخل الاضافى بالموضوع-مصطلح موضوعى | |
| مصطلح موضوعي أو اسم جغرافي كعنصر مدخل | الهندسة الوراثية. |
| مصدر الرأس أو المصطلح | BUEsh |
| 9 (RLIN) | 16950 |
| 651 ## - المدخل الاضافى بالموضوع - اسم جغرافى | |
| مصدر الرأس أو المصطلح | BUEsh |
| 653 ## - مصطلح تكشيفى غير مقيد | |
| Resource For college | Generalities |
| Arrived date list | January2018 |
| 700 1# - المدخل الاضافى - اسم شخصى | |
| الإسم الشخصى | نسبوم، مارتا سي. |
| الدور | محرر. |
| 700 1# - المدخل الاضافى - اسم شخصى | |
| الإسم الشخصى | سانشتين، كاس. ر. |
| الدور | محرر. |
| 700 1# - المدخل الاضافى - اسم شخصى | |
| الإسم الشخصى | فهمي، مصطفى إبراهيم، |
| الدور | مترجم. |
| 942 ## - عناصر المدخل الإضافي( كوها) | |
| مصدر التصنيف او مخطط الترفيف | Dewey Decimal Classification |
| حالة التراجع | حالة الفقد | مصدر التصنيف او خطة الترفيف | حالة تلف | ليس للاعارة | المكان الدائم | المكان الحالي | موقع الترفيف | تاريخ الاكتساب | Source of acquisition | رقم الاستدعاء | الباركود | Date last seen | نوع الوعاء |
|---|---|---|---|---|---|---|---|---|---|---|---|---|---|
| Dewey Decimal Classification | Central Library | Central Library | First floor | 06/01/2018 | Purchase | 660.65 ا س ت | 000042789 | 15/07/2025 | Book - Borrowing | ||||
| Dewey Decimal Classification | Central Library | Central Library | First floor | 17/01/2018 | Purchase | 660.65 ا س ت | 000042838 | 15/07/2025 | Book - Borrowing |